Responses for Show #3819 - Thursday, March 22, 2001

Contestants

[<< previous game]

Ernest Fagan, a lieutenant commander in the U.S. Navy from Chula Vista, California

Matthew Wiehr, a geology student from Eugene, Oregon

Rob Core, a collections account manager from Akron, Ohio (whose 2-day cash winnings total $20,601)

[next game >>]

Jeopardy! Round responses

"C" IN GEOGRAPHY
I KNOW THAT SONG
GOLD, SILVER OR BRONZE
PEOPLE WITH PEANUTS NAMES
(Alex: The same names as the characters in the "Peanuts" comic strip.)
FOAM
FOOTNOTES IN HISTORY
(Alex: We have footnotes for you.)
    $100 11
Canada

Ernest
    $100 26
(Rob: What is "When You Wish Upon A Star"?)
(Matthew: What is "It Could Happen to You"?)

"Over The Rainbow"

RobMatthew
Triple Stumper
    $100 3
silver

Matthew
    $100 8
"Charlie Brown"

Rob
    $100 1
Aphrodite

Rob
    $100 18
Cruelty to Animals

Matthew
    $200 12
California

Ernest
    $200 27
"Misty"

Matthew
    $200 4
(Matthew: What is bronzer?)

bronze

RobMatthew
    $200 9
(Ernest: Who is Linus von Pohling?)

Lucy

MatthewErnest
    $200 2
meringue

Matthew
    $200 19
Jefferson Davis

Matthew
    $300 13
(Matthew: What is Canton, Ohio?)

Cleveland

RobMatthew
    $300 28
(Alex: I could become a rap star as a result of this!)

"Material Girl"

Triple Stumper
    $300 5
Tracey Gold

Matthew
    $300 10
Pat Schroeder

Ernest
    $300 23
Lawrence Welk

Ernest
    $300 20
Theory of Relativity

Matthew
    $400 14
Cape Cod

Rob
    $400 29
"MacArthur Park"

Ernest
    $400 6
silver

Rob
    $400 16
Linus

Rob
    $400 24
fire extinguishers

Ernest
    $400 21
Huron

Matthew
    $1,000 15
(Rob: No idea.)

Cheyenne, Wyoming

Rob
    $500 30
"Song Sung Blue"

Triple Stumper
    $500 7
Gold Coast

Rob
    $500 17
Sally Ride

Ernest
    $500 25
Chicken Run

Ernest
    $500 22
Spee

Ernest

Scores at the first commercial break (after clue 15):

Rob Matthew Ernest
$1,000 $300 $400

Scores at the end of the Jeopardy! Round:

Rob Matthew Ernest
$1,300 $1,400 $3,000

Double Jeopardy! Round responses

ORGANIC COMPOUNDS
DISTURBIN' LEGENDS
THE ELEMENTS OF STYLE
LESSER-KNOWN ANCIENT ROMANS
WE'RE WORLD CHAMPS
(Alex: You have to name the sport or activity for us.)
SAVE THESE BOOKS FOR "LAST"
    $200 28
[The end-of-round signal sounds.]

vinegar

Matthew
    $200 16
evil eye

Matthew
    $200 21
khakis

Rob
    $200 2
Calculus

Matthew
    $200 7
boxing

Ernest
    $200 1
The Last of the Mohicans

Matthew
    $400 26
chloroform

Matthew
    $400 17
the devil

Rob
    $400 22
Donna Karan

Ernest
    $400 3
Emeritus

Rob
    $400 8
chess

Ernest
    $400 4
The Last Picture Show

Ernest
    $600 18
monster

Ernest
    $600 23
(Ernest: What is a penguin?)
...
(Alex: Minute to go.)

swallow ("swallowtail")

Ernest
Triple Stumper
    $700 13
Prospectus

Rob
    $600 9
gymnastics

Ernest
    $600 5
The Last Hurrah

Triple Stumper
    $3,000 27
vitamin K

Matthew
    $800 19
Roland

Rob
    $800 24
Charles Dana Gibson

Triple Stumper
    $800 14
Nimbus

Rob
    $800 10
figure skating

Matthew
    $800 6
The Last Days of Pompeii

Triple Stumper
    $1000 20
(Ernest: Who is...?)

Cronus

RobErnest
    $1000 25
(Ernest: What are saddle shoes?)

Spectator shoes

Ernest
Triple Stumper
    $1000 15
Hibiscus

Rob
    $1000 11
skiing

Rob
    $1000 12
Last Exit to Brooklyn

Triple Stumper

Scores at the end of the Double Jeopardy! Round:

Rob Matthew Ernest
$7,600 $6,400 $3,000

[wagering suggestions for these scores]

Final Jeopardy! Round responses

CAMPAIGN SLOGANS
ErnestWhat is We Like Red Juice!
$2,500
MatthewWhat is ?
$3,000
RobWhat is ?
$5,300
"Keep Cool With Coolidge"

Final scores:

Rob Matthew Ernest
$2,300 $3,400 $500
2nd place: a trip to Paris courtesy of Priceline.com New champion: $3,400 3rd place: an ourhouse.com shopping spree

Game dynamics:

Coryat scores:

Rob Matthew Ernest
$8,500 $4,200 $3,000
17 R
(including 1 DD),
2 W
(including 1 DD)
16 R
(including 1 DD),
3 W
15 R,
4 W

Combined Coryat: $15,700

[game clues] [game scores] [suggest correction]

Game tape date: 2000-12-06
The J! Archive is created by fans, for fans. Scraping, republication, monetization, and malicious use prohibited; this site may use cookies and collect identifying information. See terms. The Jeopardy! game show and all elements thereof, including but not limited to copyright and trademark thereto, are the property of Jeopardy Productions, Inc. and are protected under law. This website is not affiliated with, sponsored by, or operated by Jeopardy Productions, Inc. Join the discussion at JBoard.tv.